[Event "World Senior chT-65 2019"]
[Site "Rhodes"]
[Date "2019.04.24"]
[Round "9.30"]
[White "Carlsten, Peter"]
[Black "Nordstrom, Felix"]
[Result "1/2-1/2"]
[WhiteElo "2002"]
[BlackElo "2044"]
[Annotator "NA"]
[PlyCount "25"]
[EventDate "2019.04.16"]
[EventType "team-tourn"]
[EventCountry "GRE"]
[SourceTitle "playchess.com"]
[Source "ChessBase"]
[SourceQuality "1"]
[WhiteTeam "Sweden"]
[BlackTeam "Sweden"]
[WhiteTeamCountry "SWE"]
[BlackTeamCountry "SWE"]
[TimeControl "40/5400+30:1800+30"]

1. e4 {[%emt 0:00:00]} c5 {[%emt 0:00:00]} 2. Nf3 {[%emt 0:00:00]} e6 {[%emt 0:00:00]} 3. d4 {[%emt 0:00:00]} cxd4 {[%emt 0:00:00]} 4. Nxd4 {[%emt 0:00:00]} a6 {[%emt 0:00:20]} 5. Nc3 {[%emt 0:01:22]} Qc7 {[%emt 0:00:30]} 6. Be2 {[%emt 0:00:24]} Nf6 {[%emt 0:01:58]} 7. O-O {[%emt 0:00:39]} d6 {[%emt 0:01:02]} 8. Be3 {[%emt 0:00:35]} b5 {[%emt 0:01:39]} 9. a3 {[%emt 0:00:51]} Bb7 {[%emt 0:00:22]} 10. Bd3 {[%emt 0:04:07]} Nbd7 {[%emt 0:06:08]} 11. Re1 {[%emt 0:00:37]} Be7 {[%emt 0:03:15]} 12. f4 {[%emt 0:03:22]} O-O {[%emt 0:03:05]} 13. Kh1 {[%emt 0:01:31]} 1/2-1/2

[Event "World Senior chT-65 2019"]
[Site "Rhodes"]
[Date "2019.04.24"]
[Round "9.31"]
[White "Grahn, Lars"]
[Black "Gustavsson, Sture"]
[Result "1-0"]
[WhiteElo "1985"]
[BlackElo "1976"]
[Annotator "NA"]
[PlyCount "75"]
[EventDate "2019.04.16"]
[EventType "team-tourn"]
[EventCountry "GRE"]
[SourceTitle "playchess.com"]
[Source "ChessBase"]
[SourceQuality "1"]
[WhiteTeam "Sweden"]
[BlackTeam "Sweden"]
[WhiteTeamCountry "SWE"]
[BlackTeamCountry "SWE"]
[TimeControl "40/5400+30:1800+30"]

1. d4 {[%emt 0:00:00]} Nf6 {[%emt 0:00:00]} 2. c4 {[%emt 0:00:00]} g6 {[%emt 0:00:00]} 3. Nc3 {[%emt 0:00:00]} Bg7 {[%emt 0:00:00]} 4. e4 {[%emt 0:00:00]} d6 {[%emt 0:00:00]} 5. Nge2 {[%emt 0:00:00]} O-O {[%emt 0:00:46]} 6. Ng3 {[%emt 0:00:00]} e5 {[%emt 0:02:10]} 7. d5 {[%emt 0:00:07]} c6 {[%emt 0:02:25]} 8. Be2 {[%emt 0:00:49]} cxd5 {[%emt 0:01:26]} 9. cxd5 {[%emt 0:00:08]} Qb6 {[%emt 0:06:17]} 10. O-O {[%emt 0:05:46]} Na6 {[%emt 0:04:53]} 11. Nb5 {[%emt 0:08:07]} h5 {[%emt 0:14:52]} 12. Be3 {[%emt 0:05:53]} Qd8 {[%emt 0:00:15]} 13. Bg5 {[%emt 0:15:15]} Qd7 {[%emt 0:10:31]} 14. f3 {[%emt 0:11:50]} Ne8 {[%emt 0:02:17]} 15. Rc1 {[%emt 0:10:47]} Kh7 {[%emt 0:06:17]} 16. Qd2 {[%emt 0:06:41]} f6 {[%emt 0:03:16]} 17. Be3 {[%emt 0:00:47]} b6 {[%emt 0:00:44]} 18. Rc2 {[%emt 0:02:50]} Bb7 {[%emt 0:06:59]} 19. h4 {[%emt 0:02:50]} Qf7 {[%emt 0:00:36]} 20. b4 {[%emt 0:05:31]} Kh8 {[%emt 0:05:34]} 21. Bd3 {[%emt 0:05:57]} Qd7 {[%emt 0:06:12]} 22. Ne2 {[%emt 0:09:35]} f5 {[%emt 0:02:41]} 23. a3 {[%emt 0:01:34]} fxe4 {[%emt 0:03:05]} 24. fxe4 {[%emt 0:00:32]} Rxf1+ {[%emt 0:04:49]} 25. Kxf1 {[%emt 0:00:02]} Nf6 {[%emt 0:00:17]} 26. Bg5 {[%emt 0:02:05]} Kh7 {[%emt 0:01:07]} 27. Ng1 {[%emt 0:00:42]} Nxe4 {[%emt 0:00:50]} 28. Bxe4 {[%emt 0:00:48]} Qxb5+ {[%emt 0:00:08]} 29. Ne2 {[%emt 0:01:29]} Rf8+ {[%emt 0:02:51]} 30. Kg1 {[%emt 0:00:10]} Rc8 {[%emt 0:04:18]} 31. Ng3 {[%emt 0:00:51]} Qd7 {[%emt 0:03:05]} 32. Qd3 {[%emt 0:00:50]} Rxc2 {[%emt 0:01:49]} 33. Bxg6+ {[%emt 0:00:18]} Kh8 {[%emt 0:00:48]} 34. Qxc2 {[%emt 0:00:12]} Bxd5 {[%emt 0:01:15]} 35. Qd1 {[%emt 0:01:37]} Qe6 {[%emt 0:00:50]} 36. Qxh5+ {[%emt 0:00:42]} Kg8 {[%emt 0:00:08]} 37. Nf5 {[%emt 0:01:10]} Qd7 {[%emt 0:01:16]} 38. Ne7+ {[%emt 0:00:30]} 1-0

[Event "World Senior chT-65 2019"]
[Site "Rhodes"]
[Date "2019.04.24"]
[Round "9.32"]
[White "Lundgren, Ulf"]
[Black "Svensson, Soren"]
[Result "1/2-1/2"]
[WhiteElo "1964"]
[BlackElo "1964"]
[Annotator "NA RC"]
[PlyCount "45"]
[EventDate "2019.04.16"]
[EventType "team-tourn"]
[EventCountry "GRE"]
[SourceTitle "playchess.com"]
[Source "ChessBase"]
[SourceQuality "1"]
[WhiteTeam "Sweden"]
[BlackTeam "Sweden"]
[WhiteTeamCountry "SWE"]
[BlackTeamCountry "SWE"]
[TimeControl "40/5400+30:1800+30"]

1. d4 {[%emt 0:00:00]} d5 {[%emt 0:00:00]} 2. Nf3 {[%emt 0:00:05]} Nf6 {[%emt 0:00:03]} 3. Bf4 {[%emt 0:00:23]} e6 {[%emt 0:00:32]} 4. e3 {[%emt 0:00:16]} c5 {[%emt 0:00:31]} 5. c3 {[%emt 0:00:18]} Nc6 {[%emt 0:01:02]} 6. Bd3 {[%emt 0:01:56]} Bd6 {[%emt 0:00:57]} 7. Bg3 {[%emt 0:00:33]} h6 {[%emt 0:01:36]} 8. Nbd2 {[%emt 0:00:42]} Bxg3 {[%emt 0:06:37]} 9. hxg3 {[%emt 0:00:07]} Qd6 {[%emt 0:00:34]} 10. dxc5 {[%emt 0:08:54]} Qxc5 {[%emt 0:00:13]} 11. Nb3 {[%emt 0:00:43]} Qe7 {[%emt 0:01:36]} 12. Qc2 {[%emt 0:01:17]} e5 {[%emt 0:07:20]} 13. Bf5 {[%emt 0:05:00]} e4 {[%emt 0:03:45]} 14. Bxc8 {[%emt 0:00:25]} Rxc8 {[%emt 0:00:06]} 15. Nfd4 {[%emt 0:00:24]} Nb4 {[%emt 0:00:36]} 16. Qe2 {[%emt 0:01:04]} Nd3+ {[%emt 0:00:41]} 17. Kf1 {[%emt 0:01:11]} Qd7 {[%emt 0:04:17]} 18. Nc1 {[%emt 0:02:30]} Ne5 {[%emt 0:01:09]} 19. Qb5 {[%emt 0:04:18]} O-O {[%emt 0:11:17]} 20. Qxd7 {[%emt 0:04:56]} Nfxd7 {[%emt 0:00:32]} 21. Nf5 {[%emt 0:04:53]} Ng6 {[%emt 0:05:18]} 22. Nb3 {[%emt 0:03:41]} Rc7 {[%emt 0:05:20]} 23. Ke2 {[%emt 0:04:15]} 1/2-1/2

[Event "World Senior chT-65 2019"]
[Site "Rhodes"]
[Date "2019.04.24"]
[Round "9.33"]
[White "Jones, Iolo C"]
[Black "Baruch, Andrew J D"]
[Result "0-1"]
[WhiteElo "2187"]
[BlackElo "2039"]
[Annotator "NA"]
[PlyCount "63"]
[EventDate "2019.04.16"]
[EventType "team-tourn"]
[EventCountry "GRE"]
[SourceTitle "playchess.com"]
[Source "ChessBase"]
[SourceQuality "1"]
[WhiteTeam "Wales"]
[BlackTeam "England"]
[WhiteTeamCountry "WLS"]
[BlackTeamCountry "ENG"]
[TimeControl "40/5400+30:1800+30"]

1. d4 {[%emt 0:00:00]} Nf6 {[%emt 0:00:11]} 2. Nf3 {[%emt 0:00:45]} e6 {[%emt 0:00:12]} 3. c4 {[%emt 0:00:29]} Bb4+ {[%emt 0:00:07]} 4. Nbd2 {[%emt 0:00:48]} d5 {[%emt 0:00:13]} 5. e3 {[%emt 0:09:07]} O-O {[%emt 0:03:13]} 6. Bd3 {[%emt 0:01:05]} dxc4 {[%emt 0:07:54]} 7. Bxc4 {[%emt 0:00:32]} Nbd7 {[%emt 0:02:48]} 8. O-O {[%emt 0:01:34]} Bd6 {[%emt 0:01:07]} 9. e4 {[%emt 0:04:13]} e5 {[%emt 0:00:11]} 10. d5 {[%emt 0:02:30]} Nb6 {[%emt 0:02:27]} 11. Bb3 {[%emt 0:13:15]} Bg4 {[%emt 0:04:28]} 12. h3 {[%emt 0:01:37]} Bh5 {[%emt 0:03:24]} 13. Re1 {[%emt 0:02:45]} Nfd7 {[%emt 0:04:40]} 14. g4 {[%emt 0:06:10]} Bg6 {[%emt 0:00:18]} 15. Nf1 {[%emt 0:01:26]} h5 {[%emt 0:22:40]} 16. Ng3 {[%emt 0:02:02]} hxg4 {[%emt 0:00:09]} 17. hxg4 {[%emt 0:00:12]} Nc5 {[%emt 0:02:28]} 18. Bc2 {[%emt 0:01:55]} a5 {[%emt 0:02:27]} 19. Kg2 {[%emt 0:02:03]} f6 {[%emt 0:01:21]} 20. Nh4 {[%emt 0:02:12]} Be8 {[%emt 0:01:57]} 21. Nhf5 {[%emt 0:01:30]} Bd7 {[%emt 0:01:11]} 22. Nxd6 {[%emt 0:01:58]} cxd6 {[%emt 0:00:09]} 23. Nf5 {[%emt 0:02:10]} Bxf5 {[%emt 0:05:56]} 24. gxf5 {[%emt 0:01:06]} Kf7 {[%emt 0:00:32]} 25. Rh1 {[%emt 0:09:03]} Rh8 {[%emt 0:01:31]} 26. Be3 {[%emt 0:06:28]} Rxh1 {[%emt 0:04:17]} 27. Qxh1 {[%emt 0:00:48]} Qh8 {[%emt 0:00:08]} 28. Bxc5 {[%emt 0:01:39]} dxc5 {[%emt 0:00:19]} 29. Rc1 {[%emt 0:01:51]} Qxh1+ {[%emt 0:00:35] Rf1 [%emt 00:00:38] Qg1+ Rxg1 [%clk 00:23:08] Nc4 [%clk 00:27:50] [%emt 00:00:17]} 30. Rxh1 {[%emt 0:12:24] Nd6 [%clk 00:20:36] Kf3 [%clk 00:05:55] [%emt 00:16:46] b5 [%clk 00:09:22] Ke2 [%clk 00:03:48] [%emt 00:04:33]} a4 {[%emt 0:19:09]} 31. Rh3 {[%emt 0:10:03] b4 [%clk 00:06:38] Re3 [%clk 00:01:08] [%emt 00:04:02]} c4 {[%emt 0:03:15]} 32. Bd1 {[%emt 0:01:32] b3 [%clk 00:06:00]} 0-1

[Event "World Senior chT-65 2019"]
[Site "Rhodes"]
[Date "2019.04.24"]
[Round "9.34"]
[White "Reuben, Stewart"]
[Black "Thornton, John D"]
[Result "1/2-1/2"]
[WhiteElo "1974"]
[BlackElo "2061"]
[Annotator "NA"]
[PlyCount "70"]
[EventDate "2019.04.16"]
[EventType "team-tourn"]
[EventCountry "GRE"]
[SourceTitle "playchess.com"]
[Source "ChessBase"]
[SourceQuality "1"]
[WhiteTeam "England"]
[BlackTeam "Wales"]
[WhiteTeamCountry "ENG"]
[BlackTeamCountry "WLS"]
[TimeControl "40/5400+30:1800+30"]

1. c4 {[%emt 0:01:34]} e5 {[%emt 0:00:00]} 2. Nc3 {[%emt 0:00:50]} f5 {[%emt 0:01:36]} 3. e4 {[%emt 0:10:29]} d6 {[%emt 0:08:22]} 4. Nf3 {[%emt 0:00:00]} Nf6 {[%emt 0:00:42]} 5. d3 {[%emt 0:04:25]} Be7 {[%emt 0:00:56]} 6. Be2 {[%emt 0:02:56]} O-O {[%emt 0:00:26]} 7. Nd5 {[%emt 0:05:04]} Nc6 {[%emt 0:01:04]} 8. Nxe7+ {[%emt 0:01:25]} Qxe7 {[%emt 0:00:14]} 9. Bg5 {[%emt 0:05:15]} Qf7 {[%emt 0:09:35]} 10. Bxf6 {[%emt 0:06:50]} Qxf6 {[%emt 0:00:53]} 11. Qd2 {[%emt 0:00:17]} fxe4 {[%emt 0:03:53]} 12. dxe4 {[%emt 0:00:15]} Bg4 {[%emt 0:01:37]} 13. O-O {[%emt 0:04:34]} Bxf3 {[%emt 0:07:42]} 14. Bxf3 {[%emt 0:02:27]} Nd4 {[%emt 0:05:33]} 15. Be2 {[%emt 0:03:56]} Qh4 {[%emt 0:08:24]} 16. f3 {[%emt 0:03:44]} Rf6 {[%emt 0:00:50]} 17. Rf2 {[%emt 0:04:36]} Raf8 {[%emt 0:01:15]} 18. Raf1 {[%emt 0:04:29]} Qf4 {[%emt 0:06:30]} 19. Qxf4 {[%emt 0:03:40]} Rxf4 {[%emt 0:00:47]} 20. Bd1 {[%emt 0:01:20]} g5 {[%emt 0:02:25]} 21. h3 {[%emt 0:05:44]} Kg7 {[%emt 0:04:18]} 22. g3 {[%emt 0:08:33]} R4f6 {[%emt 0:00:32]} 23. Kg2 {[%emt 0:00:17]} Kg6 {[%emt 0:02:18]} 24. Rd2 {[%emt 0:02:49]} h5 {[%emt 0:02:58]} 25. Rdf2 {[%emt 0:03:39]} Kh6 {[%emt 0:03:10]} 26. Rd2 {[%emt 0:02:54]} b6 {[%emt 0:01:44]} 27. Rdf2 {[%emt 0:01:04]} a5 {[%emt 0:00:42]} 28. Rd2 {[%emt 0:02:09]} Ne6 {[%emt 0:04:02]} 29. Ba4 {[%emt 0:01:27]} Nd4 {[%emt 0:02:21]} 30. Rdf2 {[%emt 0:02:53]} h4 {[%emt 0:02:45]} 31. Bd7 {[%emt 0:01:46]} hxg3 {[%emt 0:08:49]} 32. Kxg3 {[%emt 0:00:09]} Ne6 {[%emt 0:00:12]} 33. Bxe6 {[%emt 0:00:12]} Rxe6 {[%emt 0:00:01]} 34. Rh1 {[%emt 0:01:07]} Rg8 {[%emt 0:03:59]} 35. Rfh2 {[%emt 0:01:16]} Rf6 {[%emt 0:03:03]} 1/2-1/2

[Event "World Senior chT-65 2019"]
[Site "Rhodes"]
[Date "2019.04.24"]
[Round "9.35"]
[White "Waterfield, John W"]
[Black "Valentine, Brian J"]
[Result "0-1"]
[WhiteElo "1928"]
[BlackElo "1954"]
[Annotator "NA"]
[PlyCount "52"]
[EventDate "2019.04.16"]
[EventType "team-tourn"]
[EventCountry "GRE"]
[SourceTitle "playchess.com"]
[Source "ChessBase"]
[SourceQuality "1"]
[WhiteTeam "Wales"]
[BlackTeam "England"]
[WhiteTeamCountry "WLS"]
[BlackTeamCountry "ENG"]
[TimeControl "40/5400+30:1800+30"]

1. e4 {[%emt 0:00:00]} Nc6 {[%emt 0:00:00]} 2. Nf3 {[%emt 0:00:06]} e5 {[%emt 0:00:00]} 3. Nc3 {[%emt 0:01:10]} Nf6 {[%emt 0:00:14]} 4. d4 {[%emt 0:00:38]} exd4 {[%emt 0:00:49]} 5. Nxd4 {[%emt 0:00:03]} Bb4 {[%emt 0:00:16]} 6. Nxc6 {[%emt 0:00:18]} bxc6 {[%emt 0:00:08]} 7. Bd3 {[%emt 0:00:05]} d5 {[%emt 0:01:43]} 8. exd5 {[%emt 0:00:06]} cxd5 {[%emt 0:00:12]} 9. O-O {[%emt 0:00:08]} O-O {[%emt 0:00:25]} 10. Bg5 {[%emt 0:00:09]} c6 {[%emt 0:05:19]} 11. Na4 {[%emt 0:00:37]} h6 {[%emt 0:03:40]} 12. Bh4 {[%emt 0:00:32]} Bd6 {[%emt 0:03:20]} 13. c4 {[%emt 0:06:53]} Rb8 {[%emt 0:04:22]} 14. Re1 {[%emt 0:13:04]} Bg4 {[%emt 0:07:12]} 15. f3 {[%emt 0:10:19]} Be6 {[%emt 0:01:40]} 16. cxd5 $11 {[%emt 0:01:53]} cxd5 {[%emt 0:03:36]} 17. Rc1 {[%emt 0:08:50]} Rb4 {[%emt 0:01:38]} 18. Bxf6 {[%emt 0:05:29]} Qxf6 {[%emt 0:00:19]} 19. b3 {[%emt 0:00:09]} Qd4+ {[%emt 0:05:06]} 20. Kh1 {[%emt 0:01:01]} Qh4 {[%emt 0:00:11]} 21. h3 {[%emt 0:01:43]} Qg3 {[%emt 0:00:06]} 22. Kg1 {[%emt 0:01:09]} Bxh3 {[%emt 0:02:03]} 23. Qe2 {[%emt 0:06:05]} Qh2+ {[%emt 0:02:56]} 24. Kf1 {[%emt 0:01:08]} Qh1+ {[%emt 0:00:05]} 25. Kf2 {[%emt 0:00:03]} Qxg2+ {[%emt 0:00:02]} 26. Ke3 {[%emt 0:00:07]} Bf4# {[%emt 0:01:07]} 0-1

[Event "World Senior chT-65 2019"]
[Site "Rhodes"]
[Date "2019.04.24"]
[Round "9.36"]
[White "Thynne, Trefor F"]
[Black "Bevan, Peter M"]
[Result "1/2-1/2"]
[WhiteElo "1907"]
[BlackElo "1920"]
[Annotator "NA"]
[PlyCount "59"]
[EventDate "2019.04.16"]
[EventType "team-tourn"]
[EventCountry "GRE"]
[SourceTitle "playchess.com"]
[Source "ChessBase"]
[SourceQuality "1"]
[WhiteTeam "England"]
[BlackTeam "Wales"]
[WhiteTeamCountry "ENG"]
[BlackTeamCountry "WLS"]
[TimeControl "40/5400+30:1800+30"]

1. d4 {[%emt 0:00:00]} Nf6 {[%emt 0:00:00]} 2. Nf3 {[%emt 0:00:00]} e6 {[%emt 0:00:00]} 3. Bf4 {[%emt 0:00:06]} c5 {[%emt 0:00:49]} 4. c3 {[%emt 0:00:58]} Qb6 {[%emt 0:04:53]} 5. Qb3 {[%emt 0:01:06]} Nc6 {[%emt 0:00:17]} 6. Qxb6 {[%emt 0:00:37]} axb6 {[%emt 0:00:20]} 7. e3 {[%emt 0:00:25]} Nd5 {[%emt 0:04:36]} 8. Bg3 {[%emt 0:04:37]} f5 {[%emt 0:00:14]} 9. Bc4 {[%emt 0:07:28]} f4 {[%emt 0:00:23]} 10. Bxd5 {[%emt 0:18:24]} fxg3 {[%emt 0:00:29]} 11. Be4 {[%emt 0:01:02]} d5 {[%emt 0:01:50]} 12. Bc2 {[%emt 0:01:23]} gxf2+ {[%emt 0:00:21]} 13. Kxf2 {[%emt 0:00:05]} Bd6 {[%emt 0:00:34]} 14. Nbd2 {[%emt 0:08:13]} O-O {[%emt 0:00:34]} 15. Ke2 {[%emt 0:03:03]} e5 {[%emt 0:00:34]} 16. dxe5 {[%emt 0:06:36]} Nxe5 {[%emt 0:00:21]} 17. Nxe5 {[%emt 0:00:07]} Bxe5 {[%emt 0:00:08]} 18. Nf3 {[%emt 0:03:40]} Bg4 {[%emt 0:08:36]} 19. h3 {[%emt 0:00:26]} Bxf3+ {[%emt 0:00:05]} 20. gxf3 {[%emt 0:00:03]} d4 {[%emt 0:00:58]} 21. cxd4 {[%emt 0:00:55]} cxd4 {[%emt 0:00:06]} 22. Bb3+ {[%emt 0:20:10]} Kh8 {[%emt 0:00:10]} 23. e4 {[%emt 0:04:03]} d3+ {[%emt 0:00:43]} 24. Kxd3 {[%emt 0:02:06]} Rxf3+ {[%emt 0:00:36]} 25. Ke2 {[%emt 0:00:10]} Raf8 {[%emt 0:01:19]} 26. Raf1 {[%emt 0:00:27]} Rxf1 {[%emt 0:00:24]} 27. Rxf1 {[%emt 0:00:01]} Rxf1 28. Kxf1 {[%emt 0:00:01]} Bxb2 {[%emt 0:00:06]} 29. Bd5 {[%emt 0:00:39]} g6 {[%emt 0:00:07]} 30. Bxb7 {[%emt 0:00:13]} 1/2-1/2

[Event "World Senior chT-65 2019"]
[Site "Rhodes"]
[Date "2019.04.24"]
[Round "9.37"]
[White "Vucenovic, Dragomir"]
[Black "Wihlborn, Bengt"]
[Result "1-0"]
[WhiteElo "2168"]
[BlackElo "1820"]
[Annotator "NA"]
[PlyCount "23"]
[EventDate "2019.04.16"]
[EventType "team-tourn"]
[EventCountry "GRE"]
[SourceTitle "playchess.com"]
[Source "ChessBase"]
[SourceQuality "1"]
[WhiteTeam "Switzerland"]
[BlackTeam "Sweden"]
[WhiteTeamCountry "SUI"]
[BlackTeamCountry "SWE"]
[TimeControl "40/5400+30:1800+30"]

1. Nf3 {[%emt 0:00:00]} Nf6 {[%emt 0:00:00]} 2. g3 {[%emt 0:00:00]} b6 {[%emt 0:01:02]} 3. Bg2 {[%emt 0:00:08]} Bb7 {[%emt 0:00:17]} 4. O-O {[%emt 0:00:23]} e6 {[%emt 0:00:56]} 5. d4 {[%emt 0:00:37]} Be7 {[%emt 0:00:46]} 6. c4 {[%emt 0:00:30]} O-O {[%emt 0:01:19]} 7. Nc3 {[%emt 0:00:23]} d5 {[%emt 0:00:25]} 8. Ne5 {[%emt 0:05:16]} Nbd7 {[%emt 0:00:44]} 9. Qa4 {[%emt 0:06:29]} Nxe5 {[%emt 0:03:38]} 10. dxe5 {[%emt 0:00:17]} Nd7 {[%emt 0:00:13]} 11. cxd5 {[%emt 0:01:41]} Nxe5 {[%emt 0:01:55]} 12. d6 {[%emt 0:02:11]} 1-0

[Event "World Senior chT-65 2019"]
[Site "Rhodes"]
[Date "2019.04.24"]
[Round "9.38"]
[White "Dalling, Peter"]
[Black "Bhend, Edwin"]
[Result "0-1"]
[WhiteElo "1830"]
[BlackElo "2120"]
[Annotator "NA"]
[PlyCount "96"]
[EventDate "2019.04.16"]
[EventType "team-tourn"]
[EventCountry "GRE"]
[SourceTitle "playchess.com"]
[Source "ChessBase"]
[SourceQuality "1"]
[WhiteTeam "Sweden"]
[BlackTeam "Switzerland"]
[WhiteTeamCountry "SWE"]
[BlackTeamCountry "SUI"]
[TimeControl "40/5400+30:1800+30"]

1. e4 {[%emt 0:00:00]} c5 {[%emt 0:00:00]} 2. Nf3 {[%emt 0:00:00]} Nc6 {[%emt 0:00:00]} 3. d4 {[%emt 0:00:00]} cxd4 {[%emt 0:00:00]} 4. c3 {[%emt 0:00:00]} dxc3 {[%emt 0:00:08]} 5. Nxc3 {[%emt 0:00:00]} d6 {[%emt 0:00:11]} 6. Bc4 {[%emt 0:00:00]} e6 {[%emt 0:01:02]} 7. Qe2 {[%emt 0:00:13]} Nf6 {[%emt 0:02:43]} 8. O-O {[%emt 0:00:24]} a6 {[%emt 0:00:15]} 9. a4 {[%emt 0:00:14]} Be7 {[%emt 0:00:18]} 10. Rd1 {[%emt 0:00:15]} Bd7 {[%emt 0:01:23]} 11. h3 {[%emt 0:00:17]} Qc7 {[%emt 0:01:39]} 12. Bf4 {[%emt 0:00:11]} Ne5 {[%emt 0:05:31]} 13. Bb3 {[%emt 0:04:48]} O-O {[%emt 0:01:24]} 14. Nd4 {[%emt 0:01:43]} Rfe8 {[%emt 0:04:55]} 15. Rac1 {[%emt 0:01:44]} Qb8 {[%emt 0:00:16]} 16. Bg3 {[%emt 0:04:24]} Nc6 {[%emt 0:03:35]} 17. Nf3 {[%emt 0:00:30]} b6 {[%emt 0:09:42]} 18. e5 {[%emt 0:07:27]} dxe5 {[%emt 0:00:05]} 19. Nxe5 {[%emt 0:00:11]} Nxe5 {[%emt 0:00:06]} 20. Bxe5 {[%emt 0:00:05]} Qb7 {[%emt 0:00:03]} 21. Bc2 {[%emt 0:04:13]} Bc6 {[%emt 0:00:46]} 22. Bxf6 {[%emt 0:03:03]} Bxf6 {[%emt 0:00:18]} 23. Ne4 {[%emt 0:00:09]} Be7 {[%emt 0:01:49]} 24. f3 {[%emt 0:07:21]} Rad8 {[%emt 0:01:41]} 25. Qe1 {[%emt 0:08:23]} f5 {[%emt 0:04:30]} 26. Nc3 {[%emt 0:00:58]} Bc5+ {[%emt 0:07:02]} 27. Kh2 {[%emt 0:02:04]} Qc7+ {[%emt 0:04:15]} 28. Kh1 {[%emt 0:00:21]} Qe7 {[%emt 0:05:09]} 29. Qg3 {[%emt 0:07:57]} Bd6 {[%emt 0:06:51]} 30. Qf2 {[%emt 0:01:06]} Bc7 {[%emt 0:00:06]} 31. Ne2 {[%emt 0:03:26]} Rxd1+ {[%emt 0:01:57]} 32. Bxd1 {[%emt 0:00:55]} Rd8 {[%emt 0:08:55]} 33. Qe1 {[%emt 0:04:56]} Bb7 {[%emt 0:07:10]} 34. Qc3 {[%emt 0:03:44]} Bb8 {[%emt 0:01:36]} 35. Qb3 {[%emt 0:01:37]} Qd6 {[%emt 0:00:45]} 36. f4 {[%emt 0:01:15]} Bd5 {[%emt 0:01:13]} 37. Qg3 {[%emt 0:01:38]} Qb4 {[%emt 0:00:50]} 38. b3 {[%emt 0:01:29]} Qd2 {[%emt 0:01:19]} 39. Qc3 {[%emt 0:01:38]} Bxf4 {[%emt 0:00:41]} 40. Nxf4 {[%emt 0:00:00]} Qxf4 {[%emt 0:00:00]} 41. Be2 {[%emt 0:01:56]} a5 {[%emt 0:01:30]} 42. Rf1 {[%emt 0:00:20]} Qd6 {[%emt 0:02:06]} 43. Rd1 {[%emt 0:00:52]} Qb8 {[%emt 0:04:15]} 44. Rc1 {[%emt 0:01:30]} h6 {[%emt 0:05:25]} 45. b4 {[%emt 0:02:24]} axb4 {[%emt 0:02:33]} 46. Qxb4 {[%emt 0:00:09]} Qg3 {[%emt 0:00:08]} 47. Bf3 {[%emt 0:02:15]} Bxf3 {[%emt 0:00:15]} 48. gxf3 {[%emt 0:00:04]} Qxh3+ {[%emt 0:00:19]} 0-1

[Event "World Senior chT-65 2019"]
[Site "Rhodes"]
[Date "2019.04.24"]
[Round "9.39"]
[White "Kradolfer, Georg"]
[Black "Palsson, Bertil"]
[Result "1-0"]
[WhiteElo "2048"]
[BlackElo "1785"]
[Annotator "NA"]
[PlyCount "55"]
[EventDate "2019.04.16"]
[EventType "team-tourn"]
[EventCountry "GRE"]
[SourceTitle "playchess.com"]
[Source "ChessBase"]
[SourceQuality "1"]
[WhiteTeam "Switzerland"]
[BlackTeam "Sweden"]
[WhiteTeamCountry "SUI"]
[BlackTeamCountry "SWE"]
[TimeControl "40/5400+30:1800+30"]

1. c4 {[%emt 0:00:15]} c5 {[%emt 0:00:00]} 2. Nf3 {[%emt 0:00:40]} Nf6 {[%emt 0:00:00]} 3. d4 {[%emt 0:01:30]} cxd4 {[%emt 0:00:14]} 4. Nxd4 {[%emt 0:00:08]} g6 {[%emt 0:02:08]} 5. Nc3 {[%emt 0:00:35]} Bg7 {[%emt 0:01:28]} 6. e4 {[%emt 0:02:42]} d6 {[%emt 0:00:21]} 7. Be2 {[%emt 0:01:10]} O-O {[%emt 0:00:30]} 8. O-O {[%emt 0:00:59]} Nc6 {[%emt 0:00:51]} 9. Be3 {[%emt 0:09:26]} Nxd4 {[%emt 0:08:21]} 10. Bxd4 {[%emt 0:00:06]} b6 {[%emt 0:01:41]} 11. Rc1 {[%emt 0:07:22]} Bb7 {[%emt 0:03:31]} 12. Qd3 {[%emt 0:07:07]} Rc8 {[%emt 0:02:18]} 13. f4 {[%emt 0:07:02]} e6 {[%emt 0:05:50]} 14. Kh1 {[%emt 0:05:09]} Ba6 {[%emt 0:03:31]} 15. b3 {[%emt 0:03:08]} d5 {[%emt 0:08:00]} 16. exd5 {[%emt 0:00:36]} exd5 {[%emt 0:05:36]} 17. Bxf6 {[%emt 0:00:33]} Bxf6 {[%emt 0:00:22]} 18. Nxd5 {[%emt 0:00:10]} Bg7 {[%emt 0:00:30]} 19. f5 {[%emt 0:06:36]} Rc6 {[%emt 0:02:28]} 20. Rcd1 {[%emt 0:07:10]} Re8 {[%emt 0:06:37]} 21. Bf3 {[%emt 0:10:22]} Rd6 {[%emt 0:02:54]} 22. Ne7+ {[%emt 0:01:26]} Qxe7 {[%emt 0:04:26]} 23. Qxd6 {[%emt 0:00:09]} Qxd6 {[%emt 0:02:43]} 24. Rxd6 {[%emt 0:00:08]} gxf5 {[%emt 0:01:44]} 25. Rfd1 {[%emt 0:00:44]} Bc8 {[%emt 0:00:55]} 26. Rd8 {[%emt 0:00:33]} Kf8 {[%emt 0:00:09]} 27. Bc6 {[%emt 0:00:28]} Rxd8 {[%emt 0:00:50]} 28. Rxd8+ {[%emt 0:00:11]} 1-0

[Event "World Senior chT-65 2019"]
[Site "Rhodes"]
[Date "2019.04.24"]
[Round "9.40"]
[White "Gunnarsson, Lennart"]
[Black "Illi, Hans-Joerg"]
[Result "1/2-1/2"]
[WhiteElo "1752"]
[BlackElo "2002"]
[Annotator "NA RC"]
[PlyCount "36"]
[EventDate "2019.04.16"]
[EventType "team-tourn"]
[EventCountry "GRE"]
[SourceTitle "playchess.com"]
[Source "ChessBase"]
[SourceQuality "1"]
[WhiteTeam "Sweden"]
[BlackTeam "Switzerland"]
[WhiteTeamCountry "SWE"]
[BlackTeamCountry "SUI"]
[TimeControl "40/5400+30:1800+30"]

1. d4 {[%emt 0:00:00]} Nf6 {[%emt 0:00:00]} 2. c4 {[%emt 0:00:18]} e6 {[%emt 0:00:14]} 3. Nc3 {[%emt 0:02:31]} Bb4 {[%emt 0:00:09]} 4. Qc2 {[%emt 0:00:21]} Nc6 {[%emt 0:02:25]} 5. e3 {[%emt 0:05:24]} d5 {[%emt 0:01:39]} 6. Bd2 {[%emt 0:01:57]} O-O {[%emt 0:00:33]} 7. Nf3 {[%emt 0:00:29]} Bxc3 {[%emt 0:02:04]} 8. Bxc3 {[%emt 0:00:54]} Ne4 {[%emt 0:04:54]} 9. Bd3 {[%emt 0:02:52]} f5 {[%emt 0:03:01]} 10. g3 {[%emt 0:14:30]} Ne7 {[%emt 0:07:13]} 11. Ne5 {[%emt 0:08:03]} c6 {[%emt 0:02:46]} 12. h4 {[%emt 0:06:23]} Bd7 {[%emt 0:01:38]} 13. O-O-O {[%emt 0:12:41]} b5 {[%emt 0:05:29]} 14. c5 {[%emt 0:01:36]} Ng6 {[%emt 0:03:03]} 15. Nxg6 {[%emt 0:01:15]} hxg6 {[%emt 0:00:15]} 16. Be1 {[%emt 0:01:38]} Kf7 {[%emt 0:04:52]} 17. f3 {[%emt 0:02:28]} Nf6 {[%emt 0:00:27]} 18. Bf2 {[%emt 0:02:13]} Qa5 {[%emt 0:10:31]} 1/2-1/2